000 00452nam a2200133Ia 4500
008 231129s1996||||xx |||||||||||||| ||spa||
020 _a958-9490-05-0
082 _aER- 190
100 _aColección Literaria del Fondo Mixto de Risaralda Vol. 17
245 0 _aColección Literaria del Fondo Mixto de Risaralda Vol. 17 Promisión: poesí­a
260 _c1996
264 _aPereira: Papiro 1996
942 _2ddc
_cBKS
999 _c7251
_d7251